|
|
|
|
| LEADER |
01670cas a2200253 a 4500 |
| 001 |
AALejournalIMF006291 |
| 008 |
230101c9999 xx r poo 0 0eng d |
| 020 |
|
|
|c 5.00 USD
|
| 020 |
|
|
|z 9781451962833
|
| 022 |
|
|
|a 1018-5941
|
| 040 |
|
|
|a BD-DhAAL
|c BD-DhAAL
|
| 100 |
1 |
|
|a Lane, Philip.
|
| 245 |
1 |
0 |
|a Cross-Border Investment in Small International Financial Centers /
|c Philip Lane, Gian Milesi-Ferretti.
|
| 264 |
|
1 |
|a Washington, D.C. :
|b International Monetary Fund,
|c 2010.
|
| 300 |
|
|
|a 1 online resource (33 pages)
|
| 490 |
1 |
|
|a IMF Working Papers
|
| 500 |
|
|
|a <strong>Off-Campus Access:</strong> No User ID or Password Required
|
| 500 |
|
|
|a <strong>On-Campus Access:</strong> No User ID or Password Required
|
| 506 |
|
|
|a Electronic access restricted to authorized BRAC University faculty, staff and students
|
| 520 |
3 |
|
|a This note documents and assesses the role of small financial centers in the international financial system using a newly-assembled dataset. It presents estimates of the foreign asset and liability positions for a number of the most important small financial centers, and places these into context by calculating the importance of these locations in the global aggregate of cross-border investment positions. It also reports some information on bilateral cross-border investment patterns, highlighting which countries engage in financial trade with small financial centers.
|
| 538 |
|
|
|a Mode of access: Internet
|
| 700 |
1 |
|
|a Milesi-Ferretti, Gian.
|
| 830 |
|
0 |
|a IMF Working Papers; Working Paper ;
|v No. 2010/038
|
| 856 |
4 |
0 |
|z Full text available on IMF
|u http://elibrary.imf.org/view/journals/001/2010/038/001.2010.issue-038-en.xml
|z IMF e-Library
|